L'Histoire, la Sociologie et l'Anthropologie : N°02 (notice n° 1512327)
[ vue normale ]
| 000 -LEADER | |
|---|---|
| fixed length control field | 01002cam a2200133 4500500 |
| 005 - DATE AND TIME OF LATEST TRANSACTION | |
| control field | 20251012001124.0 |
| 041 ## - LANGUAGE CODE | |
| Language code of text/sound track or separate title | fre |
| 042 ## - AUTHENTICATION CODE | |
| Authentication code | dc |
| 100 10 - MAIN ENTRY--PERSONAL NAME | |
| Personal name | Michaud, Yves |
| Relator term | author |
| 245 00 - TITLE STATEMENT | |
| Title | L'Histoire, la Sociologie et l'Anthropologie : N°02 |
| 260 ## - PUBLICATION, DISTRIBUTION, ETC. | |
| Name of publisher, distributor, etc. | Odile Jacob,<br/> |
| Date of publication, distribution, etc. | 2002.<br/> |
| 520 ## - SUMMARY, ETC. | |
| Summary, etc. | Une réflexion sur les sciences humaines aujourd’hui : le raisonnement sociologique, l’économie comme science et comme politique, la connaissance de l’histoire, mais aussi la psychologie et les conditions de son développement. L’Université de tous les savoirs : une approche contemporaine des différents domaines de la connaissance dans un esprit qui est à la fois celui du bilan encyclopédique et celui du questionnement d’avenir.Contributions, notamment, d’Alain Corbin, Jean Delumeau, Jacques Le Goff, Serge-Christophe Kolm, Jean-Claude Passeron. |
| 856 41 - ELECTRONIC LOCATION AND ACCESS | |
| Uniform Resource Identifier | <a href="https://shs.cairn.info/l-histoire-la-sociologie-et-l-anthropologie--9782738110558?lang=fr&redirect-ssocas=7080">https://shs.cairn.info/l-histoire-la-sociologie-et-l-anthropologie--9782738110558?lang=fr&redirect-ssocas=7080</a> |
Pas d'exemplaire disponible.




Réseaux sociaux